[Event "Ruhrgebiet VK3 1213"]
[Site "Nordrheinwestfalen"]
[Date "2013.01.13"]
[Round "5"]
[White "Kuhn, Manfred"]
[Black "Kauffmann, Steffen"]
[Result "1-0"]
[WhiteElo "2020"]
[BlackElo "1731"]
[PlyCount "61"]
[EventDate "2012.09.02"]
[EventType "team-tourn"]
[EventRounds "9"]
[EventCountry "GER"]
[SourceTitle "EXT 2020"]
[Source "ChessBase"]
[SourceDate "2019.10.17"]
[SourceVersion "1"]
[SourceVersionDate "2019.10.17"]
[SourceQuality "1"]
[WhiteTeam "Osterfeld Schwarze Dame"]
[BlackTeam "Essen Ueberruhr"]
[WhiteTeamCountry "GER"]
[BlackTeamCountry "GER"]

1. c4 e6 2. Nc3 d5 3. cxd5 exd5 4. d4 Nf6 5. Bg5 c6 6. Qc2 h6 7. Bxf6 Qxf6 8. Nxd5 Qxd4 9. Rd1 Bb4+ 10. Nxb4 Qxb4+ 11. Qd2 Qxd2+ 12. Rxd2 0-0 13. e3 Be6 14. b3 a5 15. Bc4 Bxc4 16. bxc4 Na6 17. Ne2 Rfd8 18. Nd4 c5 19. Nf5 Nb4 20. a3 Rxd2 21. Kxd2 Rd8+ 22. Ke2 Nc2 23. a4 Kf8 24. Rb1 Nb4 25. Ng3 Rd3 26. Rxb4 Rxe3+ 27. Kxe3 axb4 28. a5 Ke7 29. Ne4 Kd7 30. Nxc5+ Kc6 31. Kd4 1-0

[Event "Ruhrgebiet VK3 1213"]
[Site "Nordrheinwestfalen"]
[Date "2012.12.02"]
[Round "4.5"]
[White "Schaedlich, Andreas"]
[Black "Kauffmann, Steffen"]
[Result "1-0"]
[WhiteElo "1934"]
[BlackElo "1731"]
[PlyCount "79"]
[EventDate "2012.09.02"]
[EventType "team-tourn"]
[EventRounds "9"]
[EventCountry "GER"]
[SourceTitle "EXT 2020"]
[Source "ChessBase"]
[SourceDate "2019.10.17"]
[SourceVersion "1"]
[SourceVersionDate "2019.10.17"]
[SourceQuality "1"]
[WhiteTeam "Wacker Bergeborbeck"]
[BlackTeam "Essen Ueberruhr"]
[WhiteTeamCountry "GER"]
[BlackTeamCountry "GER"]

1. e4 e6 2. d4 d5 3. exd5 exd5 4. Bd3 Nc6 5. c3 Bd6 6. Nf3 Nf6 7. 0-0 0-0 8. Bg5 h6 9. Bh4 Bg4 10. Nbd2 Re8 11. Qc2 Bf4 12. Rfe1 Qd6 13. Qb3 Ne7 14. c4 b6 15. cxd5 Nf5 16. Bxf6 Qxf6 17. Ne4 Qd8 18. Nc3 Bxf3 19. Rxe8+ Qxe8 20. Bxf5 Qd8 21. Ne4 Bxh2+ 22. Kf1 Bxe4 23. Bxe4 Bd6 24. Qf3 Qh4 25. g3 Qg5 26. Kg2 Re8 27. Rh1 Qd2 28. Qf5 Qxd4 29. Qh7+ Kf8 30. Re1 Be5 31. Bf3 Qxb2 32. Qh8+ Ke7 33. Qxg7 Kd6 34. Qxh6+ f6 35. Qg7 Re7 36. Qg4 Qc3 37. Re3 Qd4 38. Qc8 Bxg3 39. Qd8+ Rd7 40. Qf8+ 1-0

[Event "Ruhrgebiet VK1 0910"]
[Site "Ruhrgebiet"]
[Date "2009.12.06"]
[Round "4.4"]
[White "Kauffmann, Steffen"]
[Black "Weinert, Christian"]
[Result "1/2-1/2"]
[WhiteElo "1744"]
[BlackElo "1989"]
[PlyCount "120"]
[EventDate "2009.09.06"]
[EventType "team"]
[EventRounds "9"]
[EventCountry "GER"]
[SourceTitle "EXT 2011"]
[Source "ChessBase"]
[SourceDate "2010.11.26"]
[SourceVersion "1"]
[SourceVersionDate "2010.11.26"]
[SourceQuality "1"]
[WhiteTeam "Essen Ueberruhr II"]
[BlackTeam "Mengede SG"]
[WhiteTeamCountry "GER"]
[BlackTeamCountry "GER"]

1. Nf3 d5 2. c4 e6 3. g3 c6 4. b3 Nf6 5. Bg2 g6 6. 0-0 Bg7 7. Ba3 Ne4 8. d4 Nd6 9. e3 0-0 10. Nc3 Re8 11. c5 Ne4 12. Nxe4 dxe4 13. Nd2 f5 14. Nc4 Nd7 15. b4 Nf6 16. Bb2 Nd5 17. Qb3 Bd7 18. a3 Rf8 19. Rfc1 Be8 20. Nd6 Rb8 21. Nxe8 Rxe8 22. Bf1 g5 23. Re1 g4 24. Qc2 Bf6 25. Bc4 Kf7 26. Bxd5 exd5 27. Kf1 Rg8 28. Ke2 Rg6 29. Rh1 Rh6 30. Qd1 Rh3 31. Qa4 a6 32. Qa5 Qd7 33. Bc3 Rg8 34. Qa4 Rg6 35. Kf1 h5 36. Kg2 Rh6 37. Bd2 h4 38. Qd1 hxg3 39. fxg3 Bd8 40. Qe2 Ke6 41. Kg1 Bc7 42. Be1 Qh7 43. Qg2 Qh8 44. Rd1 Bd8 45. Bf2 Bg5 46. Rc1 Kd7 47. a4 a5 48. b5 cxb5 49. axb5 b6 50. c6+ Kc7 51. Ra1 Qf8 52. Ra4 Re6 53. Qf1 Qh6 54. Ra3 Be7 55. Ra4 Bg5 56. Ra3 Re8 57. Kg2 Be7 58. Ra4 Rh8 59. Qg1 Bb4 60. Ra2 Bc3 1/2-1/2

[Event "Moehnesee Cup-B"]
[Site "Moehnesee"]
[Date "2005.08.21"]
[Round "6"]
[White "Franic, Nikola"]
[Black "Kauffmann, Steffen"]
[Result "0-1"]
[WhiteElo "1373"]
[BlackElo "1621"]
[PlyCount "46"]
[EventDate "2005.08.18"]
[EventType "swiss"]
[EventRounds "7"]
[EventCountry "GER"]
[SourceTitle "CBM 108 Extra"]
[Source "ChessBase"]
[SourceDate "2005.11.04"]
[SourceVersion "1"]
[SourceVersionDate "2005.11.04"]
[SourceQuality "1"]

1. e4 e6 2. d4 d5 3. exd5 exd5 4. Nf3 Bg4 5. Bf4 Bd6 6. Qe2+ Ne7 7. Bxd6 Qxd6 8. Nbd2 Nbc6 9. Qb5 0-0 10. c3 Rfe8 11. Be2 Ng6 12. g3 Qe6 13. h3 a6 14. Qd3 Bf5 15. Qe3 Qxe3 16. fxe3 Rxe3 17. Kf2 Rae8 18. Rhe1 Bxh3 19. Ne5 Ncxe5 20. Kxe3 Nc4+ 21. Kf2 Nxd2 22. g4 Ne4+ 23. Kf3 Nh4+ 0-1

[Event "Moehnesee Cup-B"]
[Site "Moehnesee"]
[Date "2005.08.19"]
[Round "2"]
[White "Kauffmann, Steffen"]
[Black "Kuhn, Viktor"]
[Result "1-0"]
[WhiteElo "1621"]
[BlackElo "1756"]
[PlyCount "55"]
[EventDate "2005.08.18"]
[EventType "swiss"]
[EventRounds "7"]
[EventCountry "GER"]
[SourceTitle "CBM 108 Extra"]
[Source "ChessBase"]
[SourceDate "2005.11.04"]
[SourceVersion "1"]
[SourceVersionDate "2005.11.04"]
[SourceQuality "1"]

1. e4 e6 2. d4 d5 3. e5 c5 4. c3 Nc6 5. Nf3 Qb6 6. a3 cxd4 7. cxd4 a5 8. Nc3 Nge7 9. Bd3 Bd7 10. Bc2 Ng6 11. h4 Be7 12. h5 Nf8 13. 0-0 f5 14. exf6 Bxf6 15. Na4 Qd8 16. Bf4 b5 17. Nc5 Qb6 18. Be3 Nd8 19. Ne5 Nb7 20. b4 Bc8 21. h6 g6 22. Qf3 Bxe5 23. dxe5 Qc7 24. Qg3 Nxc5 25. Bxc5 Nd7 26. Bxg6+ hxg6 27. Qxg6+ Kd8 28. Qg5+ 1-0

[Event "Moehnesee Cup-B"]
[Site "Moehnesee"]
[Date "2005.08.19"]
[Round "3"]
[White "Kauffmann, Steffen"]
[Black "Schmidt, Matthias"]
[Result "1-0"]
[WhiteElo "1621"]
[BlackElo "1268"]
[PlyCount "65"]
[EventDate "2005.08.18"]
[EventType "swiss"]
[EventRounds "7"]
[EventCountry "GER"]
[SourceTitle "CBM 108 Extra"]
[Source "ChessBase"]
[SourceDate "2005.11.04"]
[SourceVersion "1"]
[SourceVersionDate "2005.11.04"]
[SourceQuality "1"]

1. d4 d5 2. c4 c6 3. Nc3 Nf6 4. Bg5 e6 5. Nf3 c5 6. cxd5 cxd4 7. Qxd4 exd5 8. Bxf6 Qxf6 9. Qxf6 gxf6 10. Nxd5 Bd6 11. Nxf6+ Ke7 12. Nd5+ Kf8 13. a3 Be6 14. Nc3 Nc6 15. e3 Rc8 16. Bd3 Ne5 17. Nxe5 Bxe5 18. Rc1 Ke7 19. 0-0 Rhg8 20. g3 h5 21. Be4 h4 22. Rfd1 hxg3 23. fxg3 f5 24. Bxb7 Rb8 25. Bd5 Rxb2 26. Bxe6 Kxe6 27. Nd5 Rb3 28. Nf4+ Bxf4 29. exf4 Rxa3 30. Ra1 Rxa1 31. Rxa1 Ra8 32. Ra5 a6 33. Kf2 1-0